000 00726cab a2200241 4500
001 ABS46877
008 090401t1992 xxu||||| |||| 00| 0 eng d
035 _a(Sirsi) u59905
041 _aeng
110 _aAnthony Williams and Partners
_93
245 _aDoctor`s surgery, Olney
260 _c1992
350 _a0
490 _aBuilding
_v257(7756) 31 July 1992, 39-46(7)
520 _a`Building Dossier` features a doctor`s surgery in Olney, Buckinghamshire. Includes cost analysis and specification notes.
650 _aBUILDING DOSSIER
650 _aCOST ANALYSIS
650 _aDOCTORS SURGERY
650 _aSPECIFICATION
690 _aBUILDING AND CONSTRUCTION-PROJECTS
942 _n0
948 _c04/03/1997
999 _c36853
_d36853